000 00455 a2200181 4500
001 140231
040 _cLeonardo Da Vinci
041 _aPortuguês
082 _a810 M116m
_bM116m
100 _aMcCOY, Horace
245 _aMas não se mata cavalo?
260 _bCírculo do livro
_c19--
_aSão Paulo
300 _a159
362 _a19--0000
500 _aÉrico Verissimo (Tradução)
697 _aLiteratura
_aRomance
_aEstados Unidos
942 _cBK
999 _c140231
_d140231